000 00699nam a2200229 i 4500
003 DO-SdBNP
005 20250521101538.0
007 ta
008 250521b1973 dr ||||| |||| 00| 0 spa d
040 _aDO-SdBNP
_bspa
_cBNPHU
_erda
082 4 _axxx
_bxxx
_222
100 _aPeña, Teófilo,
_eautor
_4aut.
_987849
245 1 3 _aEl presente de un pasado :
_bamargo, dulce y salado /
_cTeófilo Peña
264 1 _aSanto Domingo :
_bEditor no identificado,
_c1973.
300 _a112 páginas ;
_c21 cm.
336 _atexto
_btxt
_2rdacontent
337 _asin mediación
_bn
_2rdamedia
338 _avolumen
_bnc
_2rdacarrier
590 _aInventariado, 2025/BT
910 _aBtavárez
942 _2ddc
_cLBS1
999 _c59071
_d59071